Statistiques concernant Voïvodies de Pologne

Cliquez ici pour prendre le quiz!

Statistiques générales

  • Ce quiz a été pris 35 fois
    (25 depuis la dernière actualisation)
  • Le résultat moyen est 8 sur 16

Statistiques - réponses

Réponse% Correct
Łódź
78%
Silésie
78%
Poméranie
67%
Basse-Silésie
61%
Grande-Pologne
61%
Petite-Pologne
61%
Lublin
56%
Poméranie occidentale
50%
Mazovie
44%
Sainte-Croix
44%
Basses-Carpates
39%
Couïavie-Poméranie
39%
Opole
33%
Podlachie
33%
Lubusz
22%
Varmie-Mazurie
22%

Distribution des résultats

Percentile par nombre de réponses

% des personnes avec chaque résultat

Votre développement - résultats

Vous n’avez pas pris ce quiz depuis la dernière actualisation